Normal view
MARC view
- COMPUTER SOFTWARE SYSTEMS ENGINEERING COMPUTER NERWORKS NETWORK SYSTEM ENGINEERING
Entry Topical Term
001 - CONTROL NUMBER
- control field: 80564
003 - CONTROL NUMBER IDENTIFIER
- control field: NUST
005 - DATE AND TIME OF LATEST TRANSACTION
- control field: 20210628210705.0
008 - FIXED-LENGTH DATA ELEMENTS
- fixed length control field: 210628|| aca||aabn | a|a d
040 ## - CATALOGING SOURCE
- Original cataloging agency: NUST
- Transcribing agency: NUST
150 ## - HEADING--TOPICAL TERM
- Topical term or geographic name entry element: COMPUTER SOFTWARE SYSTEMS ENGINEERING COMPUTER NERWORKS NETWORK SYSTEM ENGINEERING
670 ## - SOURCE DATA FOUND
- Source citation: Work cat.: (NUST): Pengelly, Alan Davis, Rob Norris, Mark 80563, Component-based network system engineering, 2000
